| 000 | 00496nam a22001817a 4500 | ||
|---|---|---|---|
| 003 | CEME | ||
| 005 | 20210628201640.0 | ||
| 008 | 210212b xxu||||| |||| 00| 0 eng d | ||
| 020 | _a0-669-28296-0 | ||
| 040 | _c. | ||
| 082 | _a516.24 LAR | ||
| 100 |
_aHeyd, David.E Hostetler, Robert.P Larson, Roland.E _956164 |
||
| 245 | _aTrigonometry a graphing approach | ||
| 260 |
_aTORONTO _bD.C HEATH AND COMPANY _c1995 |
||
| 300 | _aXXXII,613P | ||
| 650 |
_aTRIGONOMETRY _939136 |
||
| 942 |
_cBK _2ddc |
||
| 999 |
_c566675 _d566675 |
||